Zbierka úloh z planimetrie pre 7. až 9. postupný ročníkzákladnej devätročnej školy / Jozef Filip a E. Jucovič

Hlavní autor: Filip, Jozef Dominik, 1900-1982
Další autoři: Jucovič, Ernest, 1926-1998
Jazyk: Slovenština
Vydáno: Bratislava : Slovenské pedagogické nakladateľstvo, 1962
Vydání: 3. vyd.
Fyzický popis: 195 s.
Knihy
Uloženo v:
LEADER 00780nam a22002172a 4500
001 000166658
003 CZ BrMZK
005 20140918101738.0
007 ta
008 950101s1962 xo f slo d
040 |a BOA001  |b cze 
100 1 |a Filip, Jozef Dominik,  |d 1900-1982  |7 mzk2002139914  |4 aut 
245 1 0 |a Zbierka úloh z planimetrie pre 7. až 9. postupný ročníkzákladnej devätročnej školy /  |b Jozef Filip a E. Jucovič 
250 |a 3. vyd. 
260 |a Bratislava :  |b Slovenské pedagogické nakladateľstvo,  |c 1962 
300 |a 195 s. 
700 1 |a Jucovič, Ernest,  |d 1926-1998  |7 ola2003175134  |4 aut 
910 |a BOA001  |b 2-0401.660-62 
990 |a BK 
991 |b 201409 
996 7 |b 2619864493  |c 2-0401.660-62  |l MZK  |r Sklad / do 24 hodin  |n 0  |w 000166658  |u 000010  |a 1  |e BOA001  |j MZK50  |s A